Design and analysis of experiments / (Record no. 5235)

MARC details
000 -LEADER
fixed length control field 01259cam a22003134a 4500
001 - CONTROL NUMBER
control field 11835686
003 - CONTROL NUMBER IDENTIFIER
control field OSt
005 - DATE AND TIME OF LATEST TRANSACTION
control field 20210920173735.0
008 - FIXED-LENGTH DATA ELEMENTS--GENERAL INFORMATION
fixed length control field 991104s2001 nyua b 001 0 eng
010 ## - LIBRARY OF CONGRESS CONTROL NUMBER
LC control number 99057472
020 ## - INTERNATIONAL STANDARD BOOK NUMBER
International Standard Book Number 0471316490 (cloth : alk. paper)
040 ## - CATALOGING SOURCE
Original cataloging agency DLC
Transcribing agency DLC
Modifying agency DLC
042 ## - AUTHENTICATION CODE
Authentication code pcc
050 00 - LIBRARY OF CONGRESS CALL NUMBER
Classification number QA279
Item number .M66 2001
082 00 - DEWEY DECIMAL CLASSIFICATION NUMBER
Classification number 001.4/34
Edition number 21
100 1# - MAIN ENTRY--PERSONAL NAME
Personal name Montgomery, Douglas C.
9 (RLIN) 5318
245 10 - TITLE STATEMENT
Title Design and analysis of experiments /
Statement of responsibility, etc. Douglas C. Montgomery.
250 ## - EDITION STATEMENT
Edition statement 5th ed.
260 ## - PUBLICATION, DISTRIBUTION, ETC.
Place of publication, distribution, etc. New York :
Name of publisher, distributor, etc. John Wiley,
Date of publication, distribution, etc. 2001.
300 ## - PHYSICAL DESCRIPTION
Extent xii, 684 p. :
Other physical details ill. ;
Dimensions 26 cm.
504 ## - BIBLIOGRAPHY, ETC. NOTE
Bibliography, etc. note Includes bibliographical references and index.
650 #0 - SUBJECT ADDED ENTRY--TOPICAL TERM
Topical term or geographic name entry element Experimental design.
9 (RLIN) 2704
856 42 - ELECTRONIC LOCATION AND ACCESS
Materials specified Publisher description
Uniform Resource Identifier <a href="http://www.loc.gov/catdir/description/wiley034/99057472.html">http://www.loc.gov/catdir/description/wiley034/99057472.html</a>
856 4# - ELECTRONIC LOCATION AND ACCESS
Materials specified Table of Contents only
Uniform Resource Identifier <a href="http://www.loc.gov/catdir/toc/onix05/99057472.html">http://www.loc.gov/catdir/toc/onix05/99057472.html</a>
856 42 - ELECTRONIC LOCATION AND ACCESS
Materials specified Contributor biographical information
Uniform Resource Identifier <a href="http://www.loc.gov/catdir/enhancements/fy0607/99057472-b.html">http://www.loc.gov/catdir/enhancements/fy0607/99057472-b.html</a>
906 ## - LOCAL DATA ELEMENT F, LDF (RLIN)
a 7
b cbc
c orignew
d 1
e ocip
f 19
g y-gencatlg
942 ## - ADDED ENTRY ELEMENTS (KOHA)
Source of classification or shelving scheme Dewey Decimal Classification
Koha item type Books like text book referance book
Suppress in OPAC No
Holdings
Withdrawn status Lost status Source of classification or shelving scheme Damaged status Not for loan Collection code Home library Current library Shelving location Date acquired Total Checkouts Full call number Barcode Date last seen Copy number Price effective from Koha item type
    Dewey Decimal Classification     Non-fiction Wondo Genet Library Wondo Genet Library General Stacks 10/21/2021   001.4`34 MON 2001 WGCFNRL00001845 10/21/2021 1 10/21/2021 Books like text book referance book
    Dewey Decimal Classification     Non-fiction Wondo Genet Library Wondo Genet Library General Stacks 10/21/2021   001.4`34 MON 2001 WGCFNRL00001846 10/21/2021 2 10/21/2021 Books like text book referance book
    Dewey Decimal Classification     Non-fiction Wondo Genet Library Wondo Genet Library General Stacks 10/21/2021   001.4`34 MON 2001 WGCFNRL00001847 10/21/2021 3 10/21/2021 Books like text book referance book
    Dewey Decimal Classification     Non-fiction Wondo Genet Library Wondo Genet Library General Stacks 10/21/2021   001.4`34 MON 2001 WGCFNRL00001848 10/21/2021 4 10/21/2021 Books like text book referance book
    Dewey Decimal Classification     Non-fiction Wondo Genet Library Wondo Genet Library General Stacks 10/21/2021   001.4`34 MON 2001 WGCFNRL00001849 10/21/2021 5 10/21/2021 Books like text book referance book
    Dewey Decimal Classification     Non-fiction Wondo Genet Library Wondo Genet Library General Stacks 10/21/2021   001.4`34 MON 2001 WGCFNRL00001850 10/21/2021 6 10/21/2021 Books like text book referance book
    Dewey Decimal Classification     Reference Wondo Genet Library Wondo Genet Library General Stacks 03/30/2022   001.4/34 MON 1997 WGCFNRL00015549 03/30/2022 7 03/30/2022 Books like text book referance book
    Dewey Decimal Classification     Reference Wondo Genet Library Wondo Genet Library General Stacks 03/30/2022   001.4/34 MON 1997 WGCFNRL00015550 03/30/2022 8 03/30/2022 Books like text book referance book
    Dewey Decimal Classification     Reference Wondo Genet Library Wondo Genet Library General Stacks 03/30/2022   001.4/34 MON 1997 WGCFNRL00015551 03/30/2022 9 03/30/2022 Books like text book referance book
    Dewey Decimal Classification     Reference Wondo Genet Library Wondo Genet Library General Stacks 03/30/2022   001.4/34 MON 1997 WGCFNRL00015552 03/30/2022 10 03/30/2022 Books like text book referance book
    Dewey Decimal Classification     Reference Wondo Genet Library Wondo Genet Library General Stacks 03/30/2022   001.4/34 MON 1997 WGCFNRL00015553 03/30/2022 11 03/30/2022 Books like text book referance book
    Dewey Decimal Classification     Reference Wondo Genet Library Wondo Genet Library General Stacks 03/30/2022   001.4/34 MON 1997 WGCFNRL00015554 03/30/2022 12 03/30/2022 Books like text book referance book
    Dewey Decimal Classification     Reference Wondo Genet Library Wondo Genet Library General Stacks 03/30/2022   001.4/34 MON 1997 WGCFNRL00015555 03/30/2022 13 03/30/2022 Books like text book referance book
    Dewey Decimal Classification     Reference Wondo Genet Library Wondo Genet Library General Stacks 03/30/2022   001.4/34 MON 1997 WGCFNRL00015556 03/30/2022 14 03/30/2022 Books like text book referance book
    Dewey Decimal Classification     Reference Wondo Genet Library Wondo Genet Library General Stacks 03/30/2022   001.4/34 MON 1997 WGCFNRL00015557 03/30/2022 15 03/30/2022 Books like text book referance book
    Dewey Decimal Classification     Reference Wondo Genet Library Wondo Genet Library General Stacks 03/30/2022   001.4/34 MON 1997 WGCFNRL00015558 03/30/2022 16 03/30/2022 Books like text book referance book